[Event "AUTO-LOW-06"]
[Site "http://www.queenalice.com/game.php?id=6289"]
[Date "2005.3.5"]
[Round "1"]
[White "zeroranko"]
[Black "samuka"]
[Result "1-0"]
[WhiteElo "1171"]
[BlackElo "927"]

1. e4 e5 2. Qh5 g6 3. Qxe5+ Qe7 4. Qxh8 Qxe4+ 5. Ne2 Qxc2 6. Qxg8 Ke7 7. Na3 Qe4
8. Qxh7 Qe5 9. d4 Qg7 10. Qxg7 Bxg7 11. Nc4 a5 12. a4 d5 13. Ne5 Ke6 14. Nf4+
Kf6 15. h4 g5 16. hxg5+ Kxg5 17. Nxf7+ Kf6 18. Nxd5+ Kxf7 19. Nxc7 Ra7 20. Rh7
Bf5 21. Rh5 Bg6 22. Bc4+ Kf6 23. Bg5+ Kf5 24. Bd3+ Kg4 25. Bxg6 b6 26. Nd5 Bxd4
27. f3+ Kg3 28. Kf1 Bxb2 29. Bf4# 1-0

[Event "Invitation"]
[Site "http://www.queenalice.com/game.php?id=8069"]
[Date "2005.3.28"]
[Round "-"]
[White "Jorge"]
[Black "samuka"]
[Result "1/2-1/2"]
[WhiteElo "1402"]
[BlackElo "907"]

1. e4 e5 2. Bc4 Bc5 3. Qf3 Qf6 4. Nh3 Qxf3 5. gxf3 Nf6 6. Rg1 g6 7. d3 Nc6 8. a3
b6 9. Bd2 Nd4 10. Kd1 Nxf3 11. b4 Bd4 12. c3 Bxf2 13. Nxf2 Nxg1 14. d4 d6 15.
dxe5 dxe5 16. Bb5+ Bd7 17. a4 Bxb5 18. axb5 a5 19. bxa5 bxa5 20. Ra4 Nf3 21. Bh6
Nxh2 22. Rc4 Rd8+ 23. Kc2 Rc8 24. Bg5 Nfg4 25. Nxg4 Nxg4 26. b6 h6 27. Bc1 Ke7
28. Ba3+ Kd7 29. b7 Ne3+ 30. Kd3 Nxc4 31. Kxc4 Rb8 32. Kc5 Rxb7 33. Kd5 Rxb1 34.
Kxe5 h5 35. Kf6 Rf1+ 36. Kg7 Rb8 37. c4 Rb3 38. Bf8 Rb8 39. c5 Rxf8 40. Kxf8 f5
41. e5 Ke6 42. Kg7 g5 43. Kg6 h4 44. Kxg5 h3 45. Kh4 h2 46. Kg5 h1=Q 47. Kg6
Kxe5 48. Kf7 Qd5+ 49. Ke8 c6 50. Ke7 Qxc5+ 51. Kd7 Qb6 52. Ke7 Qc7+ 53. Kf8 Qd8+
54. Kf7 Rd1 55. Kg6 Rd6+ 56. Kh5 c5 1/2-1/2

[Event "Invitation"]
[Site "http://www.queenalice.com/game.php?id=9258"]
[Date "2005.4.9"]
[Round "-"]
[White "Jorge"]
[Black "samuka"]
[Result "1-0"]
[WhiteElo "1402"]
[BlackElo "892"]

1. e4 e5 2. Bc4 Nf6 3. d3 Bb4+ 4. c3 Be7 5. Nf3 Ng4 6. h3 Nf6 7. Nxe5 h6 8. Nxf7
d5 9. Bb5+ c6 10. Nxd8 Kxd8 11. Ba4 b5 12. Bb3 a5 13. f3 a4 14. Bc2 Nh5 15. exd5
cxd5 16. c4 dxc4 17. dxc4+ Nd7 18. cxb5 Rf8 19. O-O Rf6 20. Be3 Re6 21. Bf2 Nf4
22. Nc3 Bf6 23. b6 Bxc3 24. bxc3 Rb8 25. Bg3 Ne2+ 26. Kh2 Nxc3 27. Qd4 Rc6 28.
Bc7+ Rxc7 29. bxc7+ Kxc7 30. Qxc3+ Kb6 31. Qd4+ Nc5 32. Qd6+ Ka7 33. Qxc5+ 1-0

[Event "Challenge"]
[Site "http://www.queenalice.com/game.php?id=9750"]
[Date "2005.4.14"]
[Round "-"]
[White "tecnologoemsaude"]
[Black "samuka"]
[Result "1-0"]
[WhiteElo "1177"]
[BlackElo "892"]

1. e4 e5 2. Qf3 h5 3. Bc4 Qf6 4. b3 Qxf3 5. Nxf3 d6 6. d3 Be6 7. h4 Bxc4 8. dxc4
c5 9. Nc3 b6 10. Nb5 Kd8 11. Be3 f6 12. O-O-O Kd7 13. g3 Nc6 14. Rxd6+ Bxd6 15.
Rd1 Nd4 16. c3 Nxb5 17. cxb5 Ne7 18. c4 a5 19. a4 Nc8 20. Nh2 Ke8 21. f3 Kf8 22.
f4 exf4 23. gxf4 g5 24. e5 fxe5 25. fxe5 Be7 26. hxg5 Na7 27. g6 Rd8 28. Rf1+
Kg8 29. Rf7 Re8 30. Nf3 Nc8 31. e6 Nd6 32. Ne5 Nxf7 33. exf7+ Kf8 34. Bh6+ Rxh6
35. g7+ Kxg7 36. fxe8=Q Bg5+ 37. Kc2 h4 38. Qf7+ Kh8 39. Qf8+ Kh7 40. Nf7 Rf6
41. Nxg5+ Kg6 42. Qg8+ Kf5 43. Nh7 Rg6 44. Qf8+ Kg4 45. Qc8+ Kg3 46. Qc7+ Kg2
47. Qe7 h3 48. Qe4+ Kg1 49. Qxg6+ Kf1 50. Qg3 h2 51. Qxh2 Ke1 52. Qd6 Ke2 53.
Qxb6 Ke3 54. Qxc5+ Ke4 55. b6 Kf4 56. b7 Kg4 57. b8=Q Kh4 58. Qg5+ Kh3 59. Qbg3#
1-0

[Event "Invitation"]
[Site "http://www.queenalice.com/game.php?id=12890"]
[Date "2005.5.13"]
[Round "-"]
[White "Jorge"]
[Black "samuka"]
[Result "0-1"]
[WhiteElo "1381"]
[BlackElo "892"]

1. e4 e5 2. Nf3 d6 3. d3 f6 4. Nh4 g6 5. g3 Bh6 6. Nd2 Bxd2+ 7. Bxd2 b6 8. c4 c5
9. Bg2 a5 10. a4 Ne7 11. b3 h5 12. O-O g5 13. Nf3 Kf8 14. h4 g4 15. Nh2 Ng8 16.
f4 Nc6 17. fxe5 dxe5 18. Bc3 Ra7 19. Qd2 Rd7 20. d4 cxd4 21. Bb2 Kg7 22. Rf5 Rd6
23. Rc1 Bxf5 24. exf5 e4 25. c5 e3 26. Qe2 Rd7 27. cxb6 Qxb6 28. Rxc6 Qxb3 29.
Rc4 Rd8 30. Be4 Nh6 31. Bc1 Rc8 32. Bc2 Qa2 33. Rxc8 Rxc8 34. Nxg4 hxg4 35. h5
Qxc2 36. Qxc2 Rxc2 37. Ba3 Rc4 38. Be7 Rxa4 39. Bxf6+ Kxf6 40. Kf1 Kxf5 41. Ke1
Kg5 42. Kd1 Kxh5 43. Kc2 e2 44. Kb3 Rb4+ 45. Ka3 e1=Q 46. Ka2 d3 47. Ka3 Qa1#
0-1

[Event "Challenge"]
[Site "http://www.queenalice.com/game.php?id=15019"]
[Date "2005.6.2"]
[Round "-"]
[White "samuka"]
[Black "salso"]
[Result "0-1"]
[WhiteElo "884"]
[BlackElo "811"]

1. Nc3 d5 2. d4 Nf6 3. f3 c5 4. dxc5 Na6 5. Nxd5 Nxc5 6. Nxf6+ gxf6 7. Qxd8+
Kxd8 8. b4 Ne6 9. g4 Nd4 10. Kd1 e5 11. e4 Bd7 12. a4 Rc8 13. Ne2 Nxc2 14. Ra2
Nxb4 15. Ra3 h5 16. h4 hxg4 17. a5 gxf3 18. Rxf3 Ba4+ 19. Ke1 Nc2+ 20. Kf2 Bc5+
21. Kg2 Ne1+ 22. Kg3 Rg8+ 23. Kh3 Nxf3 24. Bg2 Nd4 25. Nxd4 Bxd4 26. Rd1 Bxd1
0-1

[Event "Challenge"]
[Site "http://www.queenalice.com/game.php?id=15242"]
[Date "2005.6.4"]
[Round "-"]
[White "samuka"]
[Black "rudy"]
[Result "1-0"]
[WhiteElo "855"]
[BlackElo "1229"]

1. c4 Nc6 2. d4 Nb4 3. b3 d5 4. a3 Na6 5. c5 b6 6. b4 bxc5 7. bxc5 c6 8. Qa4 Bd7
9. Qxa6 Qc8 10. Qxc8+ Rxc8 11. e3 f6 12. f4 g5 13. g3 gxf4 14. gxf4 e5 15. dxe5
Bxc5 16. Ba6 Rb8 17. Nc3 Rb6 18. Bf1 Rb3 19. Na4 Rxe3+ 20. Bxe3 Bxe3 21. Nf3
Bxf4 22. Nc5 fxe5 23. Nxd7 Kxd7 24. Rb1 e4 25. Rb7+ Kd6 26. Rxa7 Ne7 27. Be2 Nc8
28. Ra6 exf3 29. Bxf3 Re8+ 30. Be2 d4 31. h4 d3 32. Kf2 Rxe2+ 33. Kf3 Ne7 34.
Kxf4 Rf2+ 35. Kg3 Rf6 36. Kg4 Rf5 37. Kg3 1-0

[Event "Invitation"]
[Site "http://www.queenalice.com/game.php?id=15244"]
[Date "2005.6.4"]
[Round "-"]
[White "samuka"]
[Black "Jorge"]
[Result "1-0"]
[WhiteElo "855"]
[BlackElo "1376"]

1. c4 d5 2. b3 e6 3. d4 Ne7 4. e3 c6 5. c5 Na6 6. a3 Nf5 7. g4 Nh4 8. Nf3 f5 9.
gxf5 exf5 10. Nxh4 Qxh4 11. Qf3 Be7 12. Qg3 Qh5 13. f4 Bh4 14. Rg1 Bxg3+ 15.
hxg3 Qf3 16. Be2 Qe4 17. Nc3 Qc2 18. Na2 Qxb3 19. Bh5+ g6 20. Bd1 Qd3 21. Be2
Qe4 22. Nc3 Qe7 23. a4 Nb4 24. Kd1 h5 25. a5 a6 26. Rb1 Qc7 27. Rxb4 h4 28. Rh1
Qe7 29. Rxh4 Rxh4 30. gxh4 Qxh4 31. Rb2 Bd7 32. Rxb7 Qh1+ 33. Kc2 Kd8 34. Bxa6
Rxa6 35. Rb1 Rxa5 36. Rb2 Qg2+ 37. Kd3 g5 38. Rxg2 gxf4 39. exf4 Be8 40. Ra2
Rxa2 41. Nxa2 Bh5 42. Nc3 Ke7 43. Ne2 Kf7 44. Ng3 Bg4 45. Nxf5 Bxf5+ 46. Ke3 Kg6
47. Ba3 Kh5 48. Kf3 Bg4+ 49. Kg3 Bf5 50. Bb4 Kg6 51. Kh4 1-0

[Event "Let's Play Chess!"]
[Site "http://www.queenalice.com/game.php?id=16570"]
[Date "2005.6.17"]
[Round "-"]
[White "pedrinhoIII"]
[Black "samuka"]
[Result "1-0"]
[WhiteElo "1490"]
[BlackElo "855"]

1. e4 e5 2. Qh5 g6 3. Qxe5+ Qe7 4. Qxh8 Nf6 5. d3 c5 6. Bh6 d6 7. Bxf8 Qe6 8.
Bg7+ Ke7 9. Qf8+ Kd7 10. Bxf6 Qxf6 11. Nd2 Qe7 12. Qxe7+ Kxe7 13. Nc4 b6 14. Na3
Ba6 15. O-O-O b5 16. g3 b4 17. Nc4 Nd7 18. Na5 Ne5 19. f4 Ng4 20. Nh3 Ne3 21.
Re1 Ng4 22. Nc6+ Kd7 23. Be2 Kxc6 24. Bxg4 Bc8 25. Bf3 Bxh3 26. e5+ d5 27. c4
Be6 28. g4 a5 29. f5 gxf5 30. gxf5 Bxf5 31. Bxd5+ Kd7 32. Bxa8 Bxd3 33. Bd5 a4
34. a3 1-0

[Event "Challenge"]
[Site "http://www.queenalice.com/game.php?id=17423"]
[Date "2005.6.25"]
[Round "-"]
[White "samuka"]
[Black "Tittei"]
[Result "0-1"]
[WhiteElo "855"]
[BlackElo "1427"]

1. b4 d5 2. d4 Nc6 3. a3 Nf6 4. b5 Na5 5. f3 Bf5 6. g4 Bd7 7. a4 e6 8. h4 Nc4 9.
Ba3 Bxa3 10. Nxa3 Ne3 11. Qd3 Nxf1 12. Kxf1 O-O 13. g5 Nh5 14. Rh2 a6 15. e3
axb5 16. axb5 Ra5 17. Rh3 Bxb5 18. c4 Bxc4 19. Qxc4 dxc4 20. Nc2 Qa8 21. Rxa5
Qxa5 22. Ne1 Ra8 23. Ne2 Qb4 24. Nf4 Nxf4 25. Rh2 Ra1 26. h5 Qxe1# 0-1

[Event "Challenge"]
[Site "http://www.queenalice.com/game.php?id=21990"]
[Date "2005.7.30"]
[Round "-"]
[White "samuka"]
[Black "rafael_keller"]
[Result "0-1"]
[WhiteElo "855"]
[BlackElo "1532"]

1. Nf3 g6 2. d4 Bg7 3. h4 h6 4. c3 Nc6 5. g4 d5 6. Nh2 Nf6 7. f3 Qd6 8. e3 Qg3+
9. Ke2 g5 10. Qe1 Qxh4 11. Qxh4 gxh4 12. b4 Be6 13. Na3 a6 14. Ke1 Nh7 15. f4 f5
16. Be2 O-O-O 17. b5 Na5 18. bxa6 bxa6 19. Bxa6+ Kb8 20. Rb1+ Ka7 21. Bd3 fxg4
22. Nb5+ Kb7 23. Na3+ Kc6 24. Nf1 h3 25. f5 Bc8 26. Bb5+ Kd6 27. Bd3 Ng5 28.
Nb5+ Kc6 29. Na3 Rhf8 30. Rb2 Ne4 31. c4 Bxf5 32. cxd5+ Kd6 33. Rb5 Nc3 34. Rxa5
Bxd3 35. Nb5+ Nxb5 36. a4 Nc3 0-1

[Event "Challenge"]
[Site "http://www.queenalice.com/game.php?id=29713"]
[Date "2005.9.21"]
[Round "-"]
[White "Jorge"]
[Black "samuka"]
[Result "0-1"]
[WhiteElo "1327"]
[BlackElo "888"]

1. e4 e5 2. Nh3 f6 3. Be2 d6 4. c4 Nc6 5. Bh5+ g6 6. Bf3 Nd4 7. Bg4 h5 8. Bxc8
Qxc8 9. O-O Ne7 10. d3 Qg4 11. Nd2 Qxd1 12. Rxd1 Bh6 13. Nb3 Bxc1 14. Raxc1 Nxb3
15. Rc3 Nc5 16. a3 b6 17. b4 Na4 18. Rc2 a6 19. Rdc1 h4 20. b5 axb5 21. cxb5 Nc5
22. Rc3 g5 23. Rc4 Rxa3 24. Rd1 Ra4 25. f3 Rxc4 26. dxc4 Kd7 27. Nf2 Ra8 28. Ng4
Ng6 29. Nxf6+ Ke7 30. Nd5+ Kd7 31. Nf6+ Kd8 32. Nd5 Nf4 33. Re1 h3 34. gxh3
Nxh3+ 35. Kg2 Nf4+ 36. Kg3 Nfe6 37. Nf6 Ke7 38. Nd5+ Kf7 39. h4 Nf4 40. hxg5
Nxd5 41. cxd5 Kg6 42. Kh4 Nd3 43. Rf1 Ra5 44. Kg4 Rxb5 45. Rh1 Nf4 46. Rh6+ Kg7
47. Kf5 Rb3 48. g6 Rxf3 49. Rh7+ Kg8 50. Kf6 Rh3 51. Rg7+ Kh8 52. Kf7 Nxg6 53.
Kxg6 Rg3+ 54. Kf7 Rxg7+ 55. Ke6 Rg4 56. Kd7 Rg7+ 57. Kc6 Kh7 58. Kb7 Kg6 59. Kb8
c5 60. Kc8 b5 61. Kd8 Rf7 62. Ke8 c4 0-1

[Event "Challenge"]
[Site "http://www.queenalice.com/game.php?id=35083"]
[Date "2005.10.27"]
[Round "-"]
[White "samuka"]
[Black "Jorge"]
[Result "0-1"]
[WhiteElo "888"]
[BlackElo "1320"]

1. d4 e6 2. e3 d5 3. f4 f5 4. c3 b5 5. Bxb5+ c6 6. Qh5+ g6 7. Qe2 cxb5 8. Qxb5+
Bd7 9. Qd3 Nc6 10. b4 a6 11. a4 Na7 12. Qxa6 Nb5 13. Qb7 Nd6 14. Qxa8 Qxa8 15.
a5 Be7 16. g3 Nf6 17. h4 h5 18. Nf3 Nfe4 19. Rg1 Nc4 20. Ne5 Bb5 21. Nxg6 Rg8
22. Ne5 Nxe5 23. fxe5 Nxg3 24. Kf2 Ne4+ 25. Ke1 Rxg1# 0-1

[Event "Challenge"]
[Site "http://www.queenalice.com/game.php?id=36942"]
[Date "2005.11.8"]
[Round "-"]
[White "samuka"]
[Black "Jorge"]
[Result "1-0"]
[WhiteElo "888"]
[BlackElo "1332"]

1. d4 d5 2. h4 h5 3. e3 c6 4. g3 Bg4 5. f3 Bf5 6. Bd3 e6 7. Bxf5 exf5 8. f4 Bb4+
9. Bd2 Bd6 10. b4 b5 11. c3 g6 12. a3 Nf6 13. Nh3 Ne4 14. Rg1 O-O 15. Bc1 Nd7
16. Ng5 Nxg5 17. fxg5 Re8 18. Ra2 f4 19. Re2 a5 20. exf4 axb4 21. Rxe8+ Qxe8+
22. Qe2 Qd8 23. cxb4 Nb6 24. Rg2 Nc4 25. Rf2 Ra4 26. Rf3 c5 27. bxc5 Bc7 28. Nc3
Ra5 29. Kf1 Qc8 30. Kg2 b4 31. Nb1 Qb8 32. Rb3 Ra6 33. Rxb4 Qc8 34. Nc3 Na5 35.
Nxd5 Re6 36. Qd3 Bd8 37. Ne3 Nc6 38. Rb3 Na5 39. Rb1 Qc6+ 40. d5 Qxc5 41. dxe6
fxe6 42. Qxg6+ Kf8 43. Qxe6 Qe7 44. Qxe7+ Bxe7 45. f5 Nc6 46. f6 Bd6 47. Rb6 1-0